[Event "Foment Martinenc op-C 18th"]
[Site "Barcelona"]
[Date "2016.05.28"]
[Round "6"]
[White "Rodriguez Collado, Alex"]
[Black "Segui Blanes, Julia"]
[Result "1-0"]
[WhiteElo "1773"]
[BlackElo "1678"]
[PlyCount "131"]
[EventDate "2016.04.23"]
[EventType "swiss"]
[EventRounds "9"]
[EventCountry "ESP"]
[SourceTitle "EXT 2017"]
[Source "ChessBase"]
[SourceDate "2016.10.25"]
[SourceVersion "1"]
[SourceVersionDate "2016.10.25"]
[SourceQuality "1"]

1. e4 e5 2. Nf3 Nc6 3. Bb5 Bc5 4. 0-0 d6 5. c3 Bg4 6. d3 h6 7. Nbd2 Nf6 8. Re1 0-0 9. Nf1 Qc8 10. Be3 Bh3 11. Ng3 Qg4 12. gxh3 Qxh3 13. Re2 Ng4 14. Qf1 Qxf1+ 15. Rxf1 a6 16. Bxc6 bxc6 17. h3 Nxe3 18. fxe3 Rfe8 19. d4 exd4 20. exd4 Ba7 21. Rfe1 c5 22. e5 cxd4 23. cxd4 Re6 24. exd6 Rxd6 25. Rd2 Rg6 26. Kh2 c5 27. d5 Bb8 28. Rg1 Bf4 29. Rdd1 Rb8 30. b3 Be3 31. Rg2 Bf4 32. Nh4 Rg5 33. Nf3 Rg6 34. Rd3 Rc8 35. Nh4 Rg5 36. Rf2 Bxg3+ 37. Rxg3 Rxd5 38. Rgf3 f6 39. Nf5 Kf8 40. Rg3 Ke8 41. Rxg7 Rd7 42. Rxd7 Kxd7 43. Nxh6 Rh8 44. Rxf6 Ke7 45. Rxa6 Kf8 46. Ra8+ Kg7 47. Rxh8 Kxh8 48. a4 Kg7 49. a5 Kxh6 50. a6 Kg5 51. a7 Kf6 52. a8Q Ke6 53. Qg8+ Kd6 54. h4 Kc6 55. h5 Kb5 56. h6 Kb4 57. h7 c4 58. Qxc4+ Ka3 59. Qa4+ Kb2 60. h8R Kc3 61. Rh3+ Kb2 62. Qd4+ Ka3 63. Kh1 Ka2 64. Rh2+ Kxb3 65. Rb2+ Ka3 66. Qb4# 1-0

[Event "Foment Martinenc op-C 18th"]
[Site "Barcelona"]
[Date "2016.05.07"]
[Round "3"]
[White "Segui Blanes, Julia"]
[Black "De Blois Afanasiyadi, Alexander"]
[Result "1-0"]
[WhiteElo "1678"]
[BlackElo "1582"]
[PlyCount "35"]
[EventDate "2016.04.23"]
[EventType "swiss"]
[EventRounds "9"]
[EventCountry "ESP"]
[SourceTitle "EXT 2017"]
[Source "ChessBase"]
[SourceDate "2016.10.25"]
[SourceVersion "1"]
[SourceVersionDate "2016.10.25"]
[SourceQuality "1"]

1. e4 e5 2. Nf3 Nc6 3. Bc4 Bc5 4. Nc3 d6 5. h3 Nf6 6. d3 h6 7. Be3 Bxe3 8. fxe3 Nh5 9. Qd2 f5 10. 0-0-0 Ng3 11. Rhf1 Nxf1 12. Rxf1 Bd7 13. d4 Qf6 14. dxe5 Nxe5 15. Bb5 Bxb5 16. Nxb5 0-0-0 17. Qa5 Nc6 18. Qxc7# 1-0